000 00814nam a22002417a 4500
003 UA-OsUOA
001 49247
007 ta
008 20131217b un ||||| |||| 00| 0 ukr d
100 _aЛисяк П.
090 _a09.-94(477).08
_bЛ63
942 _cBK
040 _aUA-OsUOA
_bukr
_cUA-OsUOA
_dUA-OsUOA
245 _aНаша національна політика і останній народній з'їзд
300 _a61 с.
955 _a1
041 _aukr
080 _a09.-94(477).08
260 _aЛьвів
_bУкраїнське національно-демократичне об'єднання
_c1938
650 7 _a0 Загальний відділ.
_2UDC
999 _c429409
_d429409